Statistiques concernant Villes qu'on a faites à deux

Cliquez ici pour prendre le quiz!

Statistiques générales

  • Ce quiz a été pris 18 fois
  • Le résultat moyen est 2 sur 10

Statistiques - réponses

HintRéponse% Correct
2Vienne
80%
8Lille
60%
5Ljubjana
20%
7Zagreb
20%
4Bled
0%
9Lomme
0%
10Ronchin
0%
6Split
0%
3Villach
0%
1Villepinte
0%

Distribution des résultats

Percentile par nombre de réponses

% des personnes avec chaque résultat

Votre développement - résultats

Vous n’avez pas pris ce quiz